| Tag |
First Indicator |
Second Indicator |
Subfields |
| LEADER |
00000cam a2200000 i 4500 |
| 001 |
in00000065502 |
| 005 |
20151007083422.0 |
| 008 |
800428q19001979nyuabc b 00000 eng d |
| 035 |
|
|
|a (OCoLC)06256968
|
| 035 |
|
|
|9 AAF9338AM
|
| 040 |
|
|
|a TXA
|c TXA
|d UtOrBLW
|
| 043 |
|
|
|a n-us---
|
| 049 |
|
|
|a TXAS
|c [1099123]
|
| 090 |
|
|
|a E173
|b .S88 1900z
|
| 245 |
0 |
0 |
|a Stories of the republic :
|b stories /
|c by Theodore Roosevelt ... [and others].
|
| 264 |
|
1 |
|a New York :
|b G. P. Putnam's,
|c [between 1900 and 1999]
|
| 300 |
|
|
|a viii, 397 pages, 18 unnumbered leaves of plates :
|b illustrations, maps, portraits ;
|c 20 cm.
|
| 336 |
|
|
|a text
|b txt
|2 rdacontent
|
| 337 |
|
|
|a unmediated
|b n
|2 rdamedia
|
| 338 |
|
|
|a volume
|b nc
|2 rdacarrier
|
| 500 |
|
|
|a Frontispiece from a drawing of the Lewis and Clark Expedition by C. M. Russell.
|
| 504 |
|
|
|a Includes bibliographic references.
|
| 651 |
|
0 |
|a United States
|x History.
|
| 700 |
1 |
|
|a Roosevelt, Theodore,
|d 1858-1919.
|
| 700 |
1 |
|
|a Russell, Charles M.
|q (Charles Marion),
|d 1864-1926.
|
| 999 |
|
|
|a MARS
|
| 999 |
f |
f |
|s 5181dd6a-d1ea-3347-9c7b-66b2b37fe90c
|i 010e6df8-2d48-30ff-84b9-14eb1138522f
|t 0
|
| 952 |
f |
f |
|p noncirc
|a Texas A&M University
|b College Station
|c Cushing Memorial Library & Archives
|d Cushing: Kelsey Illustrators (Does not check out)
|t 0
|e E173 .S88 1900z
|h Library of Congress classification
|i unmediated -- volume
|m A14800313206
|
| 998 |
f |
f |
|a E173 .S88 1900z
|t 0
|l Cushing: Kelsey Illustrators (Does not check out)
|